000 00566nam a2200181 i 4500
001 74514
003 ES-MaACL
007 t|
008 040920s1955 sp ||||1| spa d
100 1 _aGonzález Moral, Ireneo.
_958822
245 1 0 _aMetodología dle trabajo científico /
_cIreneo González Moral.
260 _aSantander :
_bSal Terrae,
_c1955 (
_fHijos de S. Rodríguez)
300 _aXII, 238 p. ;
_c21 cm.
490 1 _aBibliotheca Comillensis
830 0 _aBibliotheca Comillensis
_9183667
852 _aES-MaACL
_jC-9552
_bR.37803
999 _c74514
_d74514